Bullet For My Valentine, Scream aim fire, list of all songs (+deluxe) - Statistiques

Statistiques générales
  • Ce quiz a été pris 2 fois
  • Le résultat moyen est 15 sur 16
Statistiques - réponses
Hint Réponse % Correct
16 (deluxe) Ashes Of The Innocent
100%
6 Deliver Us from Evil
100%
5 Disappear
100%
2 Eye of the Storm
100%
11 Forever and Always
100%
3 Hearts Burst into Fire
100%
15 (deluxe) One Good Reason Why
100%
13 (deluxe) Road To Nowhere
100%
8 Say Goodnight
100%
12 Say Goodnight - Acoustic Version
100%
1 Scream Aim Fire
100%
7 Take It out On Me
100%
4 Waking the Demon
100%
14 (deluxe) Watching Us Die Tonight
100%
9 End of Days
50%
10 Last to Know
0%
Aucun quiz correspondant
Distribution des résultats
% des personnes avec chaque résultat
Percentile par nombre de réponses
Votre historique - résultats
Vous n’avez pas pris ce quiz